• 首页
  • 本馆介绍
  • 公告通知
  • 最新文献
  • 馆藏检索
  • 电子资源
  • 读者导购
  • 参考咨询
  • 我的图书馆
  • 登录
  • 详细信息显示
  • 放入我的书架
  • 预约/预借图书
  • 作者相关作品
  • 分类相关作品
  • 丛书相关作品
  • 出版社相关作品

书目信息

  • 表格格式
  • 工作单格式
  • 卡片格式
题名:
数字图像处理技术与应用
    
 
作者: 韩晓军 编著
分册:  
出版信息: 北京   电子工业出版社  2017
页数: 250页
开本: 26cm
丛书名:
单 册:
中图分类: TN911.73 , TN911.7
科图分类:
主题词: 数字图象处理--高等教育--教材
电子资源:
ISBN: 978-7-121-30056-1
000 00888nam0 2200253 450
001 2332547144
005 20231129090249.22
010    @a978-7-121-30056-1@dCNY39.80
100    @a20181129d2017 em y0chiy50 ea
101 0  @achi
102    @aCN@b110000
105    @aa z 000yy
200 1  @a数字图像处理技术与应用@Ashu zi tu xiang chu li ji shu yu ying yong@f韩晓军编著
205    @a2版
210    @a北京@c电子工业出版社@d2017
215    @a250页@c图@d26cm
300    @a“十二五”普通高等教育本科国家级规划教材 电子信息科学与工程类专业规划教材
330    @a本书共分为11章,介绍了数字图像处理的基本理论和基本技术,包括图像处理基础知识、直方图统计、图像分割与边缘检测等内容。
606 0  @a数字图象处理@x高等教育@j教材
690    @aTN911.73@v5
690    @aTN911.7@v4
701  0 @a韩晓军@Ahan xiao jun@c(女)@4编著
801  0 @aCN@b山东中教@c20231126
905    @aBZT@dTN911.7@e6=2
    
    数字图像处理技术与应用/韩晓军编著.-2版.-北京:电子工业出版社,2017
    250页:图;26cm
    “十二五”普通高等教育本科国家级规划教材 电子信息科学与工程类专业规划教材
    
    ISBN 978-7-121-30056-1:CNY39.80
    本书共分为11章,介绍了数字图像处理的基本理论和基本技术,包括图像处理基础知识、直方图统计、图像分割与边缘检测等内容。
●
相关链接 在五车中查询图书 在当当中查询图书 在豆瓣中查询图书


正题名:数字图像处理技术与应用     索取号:TN911.7/6=2         预约/预借

序号 登录号 条形码 馆藏地/架位号 状态 备注
1 2001188486   2001188486   中教(第二批第二书库)/山东中教(第二批)/1878/ [索取号:TN911.7/6=2] 在馆    
2 2001188487   2001188487   中教(第二批第二书库)/山东中教(第二批)/1878/ [索取号:TN911.7/6=2] 在馆    
3 2001188488   2001188488   中教(第二批第二书库)/山东中教(第二批)/1878/ [索取号:TN911.7/6=2] 在馆    
4 2001188489   2001188489   中教(第二批第二书库)/山东中教(第二批)/1878/ [索取号:TN911.7/6=2] 在馆    
5 2001188490   2001188490   中教(第二批第二书库)/山东中教(第二批)/1878/ [索取号:TN911.7/6=2] 在馆    
6 2001188491   2001188491   中教(第二批第二书库)/山东中教(第二批)/1878/ [索取号:TN911.7/6=2] 在馆    
7 2001188492   2001188492   中教(第二批第二书库)/山东中教(第二批)/1878/ [索取号:TN911.7/6=2] 在馆    
8 2001188493   2001188493   中教(第二批第二书库)/山东中教(第二批)/1878/ [索取号:TN911.7/6=2] 在馆    
9 2001188494   2001188494   中教(第二批第二书库)/山东中教(第二批)/1878/ [索取号:TN911.7/6=2] 在馆    
10 2001188495   2001188495   中教(第二批第二书库)/山东中教(第二批)/1878/ [索取号:TN911.7/6=2] 在馆    
11 2001188496   2001188496   中教(第二批第二书库)/山东中教(第二批)/1878/ [索取号:TN911.7/6=2] 在馆    
12 2001188497   2001188497   中教(第二批第二书库)/山东中教(第二批)/1878/ [索取号:TN911.7/6=2] 在馆    
13 2001188498   2001188498   中教(第二批第二书库)/山东中教(第二批)/1878/ [索取号:TN911.7/6=2] 在馆    
14 2001188499   2001188499   中教(第二批第二书库)/山东中教(第二批)/1878/ [索取号:TN911.7/6=2] 在馆    
山东省滨州职业学院图书馆 欢迎您!
大连网信软件有限公司© 版权所有